000 00972nam a2200289 i 4500
001 32600
003 BD-RjUL
005 20211209051849.0
008 140427s1975 enkc b 001 0 eng
020 _a0042970334
035 _a(BD-RjUL)32689
040 _aDLC
_cDLC
_dBD-RjUL
_beng
041 1 _aengper
082 0 0 _a297.82
_bTAS 1975
100 1 _aṬabāṭabāʾī, Muḥammad Ḥusayn.
_999194
245 1 0 _aShi'ite Islam /
_cMuḥammad Ḥusayn Ṭabāṭabāʾī ; translated from the Persian and edited with an introduction and notes by Seyyed Hossein Nasr.
260 _aLondon :
_bAllen and Unwin,
_cc1975.
300 _axiv, 253 p. :
_bill.,port. ;
_c23 cm.
490 1 _aPersian studies series ;
500 _aTranslation of Shīʻah dar Islām.
500 _aIncludes bibliography and index.
650 0 _aShīʻah.
_999195
830 _aPersian studies series
_999196
942 _2ddc
_cBK
999 _c32600
_d32600